Score 0/60 Timer 08:00
3 Plays Today
% Correct
Kilt
90.6%
Oscar
90.2%
Lightsaber
89.9%
Nutella
89.6%
Whoopee Cushion
89.6%
Spork
89.3%
Big Mac
89%
Monopoly
88.4%
Cuckoo Clock
88.4%
Hula Hoop
88.4%
iPhone
88.2%
Teddy Bear
88.2%
Guillotine
88%
Monocle
87.9%
FitBit
87.8%
Cheetos
87.3%
Sprite
87.3%
Abacus
87.3%
Sauna
87.1%
Rubik's Cube
87%
Bubble Wrap
86.9%
Rabbit's Foot
86.7%
Slurpee
86.5%
Emoji
86.4%
EpiPen
86.4%
Selfie
86.2%
Dunce Cap
86.1%
Toupée
86%
Corn Dog
85.8%
Spam
85.7%
% Correct
Pop Rocks
85.3%
Clue
85.2%
Duct Tape
84.6%
Quiche
84.5%
Lei
84.4%
Scythe
84.4%
Lego
84.3%
Space Shuttle
84.2%
Pearl
83.7%
WD-40
83.2%
Tofu
82.9%
Kayak
82.4%
Chinese Handcuffs
82.2%
Allen Wrench
81.6%
Crocs
80.9%
Roulette Wheel
80.3%
Jolly Roger
80.2%
Fondue
79.5%
Roomba
76.8%
Mead
75.1%
Cracker Jack
74.4%
Yo-Yo
73.6%
Pierogi
73.2%
Manga
73%
Vuvuzela
72.3%
Manhattan
71.6%
Koozie
70.3%
Netflix
60.3%
Loupes
53.9%
Pallino
49%

You're not logged in!

Compare scores with friends on all Sporcle quizzes.
OR
Log In

Sporcle TV

Today on Sporcle TV


Watch our educational content, quiz creation guides, and fun videos on Sporcle TV.

Show Comments

Extras

Top Quizzes Today


Score Distribution

Paid Content

Your Account Isn't Verified!

In order to create a playlist on Sporcle, you need to verify the email address you used during registration. Go to your Sporcle Settings to finish the process.

Report this User

Report this user for behavior that violates our Community Guidelines.

Details: